Logo Biblioteca

Las mil y una noches / (Registro nro. 572)

Detalles MARC
000 -LEADER
fixed length control field 00552nam a22002057a 4500
003 - CONTROL NUMBER IDENTIFIER
control field OSt
005 - DATE AND TIME OF LATEST TRANSACTION
control field 20250904091800.0
008 - FIXED-LENGTH DATA ELEMENTS--GENERAL INFORMATION
fixed length control field 250904t1195 sp a||||r|||| 00| 1 spa d
020 ## - INTERNATIONAL STANDARD BOOK NUMBER
International Standard Book Number 84-495-0169-5
040 ## - CATALOGING SOURCE
Transcribing agency Besoc
080 ## - UNIVERSAL DECIMAL CLASSIFICATION NUMBER
Authority record control number or standard number 82-34(53)
245 04 - TITLE STATEMENT
Title Las mil y una noches /
Statement of responsibility, etc. [Anónimo].
260 ## - PUBLICATION, DISTRIBUTION, ETC.
Place of publication, distribution, etc. S.l. :
Name of publisher, distributor, etc. M. E. Editores,
Date of publication, distribution, etc. 1995.
300 ## - PHYSICAL DESCRIPTION
Extent 576 p. :
Other physical details il. byn ;
Dimensions 24 cm.
490 0# - SERIES STATEMENT
Series statement Cuentos Orientales
500 ## - GENERAL NOTE
General note Vocabulario en pág. 571.
650 #4 - SUBJECT ADDED ENTRY--TOPICAL TERM
Topical term or geographic name entry element Literatura árabe
General subdivision Cuentos
655 #4 - INDEX TERM--GENRE/FORM
Genre/form data or focus term Cuentos populares
942 ## - ADDED ENTRY ELEMENTS (KOHA)
Source of classification or shelving scheme Universal Decimal Classification
Koha item type Libro de préstamo a domicilio
Suppress in OPAC No
Existencias
Withdrawn status Lost status Source of classification or shelving scheme Damaged status Not for loan Collection Home library Current library Date acquired Source of acquisition Total checkouts Full call number Barcode Date last seen Price effective from Koha item type
    Universal Decimal Classification     Colección General Biblioteca Escuela de Ciencias Sociales Biblioteca Escuela de Ciencias Sociales 04/09/2025 Donación 2025   82-34(53) M662 001094 04/09/2025 04/09/2025 Libro de préstamo a domicilio
Biblioteca de la Escuela Preuniversitaria en Ciencias Sociales y Humanísticas.
Riobamba 250 bis.
CP 2000 - Rosario - Santa Fe
E-Mail: biblioteca@esociales.unr.edu.ar